Hint | Answer | % Correct |
---|---|---|
© | Copyright | 100%
|
° | Degree | 71%
|
€ | Euro | 71%
|
÷ | Obelus / Divide | 71%
|
¶ | Pilcrow | 71%
|
• | Bullet | 57%
|
†‡ | Dagger | 57%
|
« | Guillemet | 57%
|
‽ | Interrobang | 57%
|
| | Pipe | 43%
|
§ | Section Sign | 43%
|
· | Interpunct | 29%
|
″ ‴ ◌ʹ | Prime | 29%
|
¦ | Broken Bar | 14%
|
¤ | Currency Sign | 14%
|
∣ | Divides | 14%
|
※ | Komejirushi | 14%
|
‖ | Magnitude | 14%
|
' | Single Quotation Mark | 14%
|
Copyright H Brothers Inc, 2008–2024
Contact Us | Go To Top | View Mobile Site